SIPOC process mapping
El siguiente video es un seminario web que realiza la empresa New Horizons Computer Learning Centers, en el cul̀ se proporciona una visin̤ de cerca de una de las herramientas utilizadas en proyectos de mejora continua en un entorno "Lean Six Sigma": el "Mapa de proceso SIPOC". Un...
محفوظ في:
| مؤلفون آخرون: | , |
|---|---|
| التنسيق: | كتاب |
| اللغة: | الإنجليزية |
| الموضوعات: | |
| الوصول للمادة أونلاين: | SIPOC process mapping |
| الوسوم: |
إضافة وسم
لا توجد وسوم, كن أول من يضع وسما على هذه التسجيلة!
|
MARC
| LEADER | 00000nam a22000004a 4500 | ||
|---|---|---|---|
| 001 | vpro6172 | ||
| 005 | 20201223000000.0 | ||
| 008 | 130730s ck # g## #001 0#eng#d | ||
| 020 | |||
| 022 | |||
| 040 | |a CO-BoINGC | ||
| 041 | 0 | |a eng | |
| 245 | 1 | 0 | |a SIPOC process mapping |
| 246 | |a Mapeo de procesos SIPOC | ||
| 264 | |a Bogot ̀(Colombia) : |b Revista VirtualPRO, | ||
| 520 | 3 | |a El siguiente video es un seminario web que realiza la empresa New Horizons Computer Learning Centers, en el cul̀ se proporciona una visin̤ de cerca de una de las herramientas utilizadas en proyectos de mejora continua en un entorno "Lean Six Sigma": el "Mapa de proceso SIPOC". Un "SIPOC" es un mapa de procesos de alto nivel que puede servir como una herramienta de comunicacin̤ muy efectiva al garantizar que quienes participan en su creacin̤ estň viendo el proceso de la misma manera. | |
| 650 | \ | \ | |a Mejoramiento de procesos |
| 650 | \ | \ | |a Calidad de los productos |
| 650 | \ | \ | |a Ciclo de vida de los productos |
| 650 | \ | \ | |a Control del proceso |
| 650 | \ | \ | |a Process improvement |
| 650 | \ | \ | |a Quality of products |
| 650 | \ | \ | |a Product life cycle |
| 650 | \ | \ | |
| 650 | \ | \ | |a mejora continua |
| 650 | \ | \ | |a mapa de procesos |
| 650 | \ | \ | |a SIPOC |
| 650 | \ | \ | |a continuous improvement |
| 650 | \ | \ | |a process map |
| 650 | \ | \ | |a SIPOC |
| 700 | \ | \ | |a Ruggles William S. |
| 700 | \ | \ | |a New Horizons Computer Learning Centers. |
| 856 | |z SIPOC process mapping |u https://virtualpro.unach.elogim.com/biblioteca/mapeo-de-procesos-sipoc | ||